000 00336nam a22001457a 4500
008 230616b ||||| |||| 00| 0 eng d
020 _a9780321848901
041 _aeng
080 _2THIRTEENTH EDITION
_a51
082 _a51GOL
100 _a23
101 _aMATE
245 _aCALCULUS ITS APPLICATIONS
_cGOLDSTEIN
942 _2udc
_cBK
999 _c59997
_d59997